书目信息 |
| 题名: |
中途岛海战
|
|
| 作者: | 渊田美津雄 , 奥宫正武 著 ;许秋明 , 王绍坊 译 | |
| 分册: | ||
| 出版信息: | 北京 商务印书馆 1979.05 |
|
| 页数: | 282页 | |
| 开本: | 19cm | |
| 丛书名: | ||
| 单 册: | ||
| 中图分类: | K313.46 | |
| 科图分类: | ||
| 主题词: | 东亚--历史 , 政治事件--世界 , 政治事件 | |
| 电子资源: | ||
| ISBN: | ||
| 000 | 00749nam0 2200253 45 | |
| 001 | 0303130887 | |
| 005 | 20060815105822.85 | |
| 010 | @dCNY0.70 | |
| 091 | @a3017.236 | |
| 100 | @a20030313d1979 km y0chiy0120 ea | |
| 101 | 0 | @achi |
| 200 | 1 | @a中途岛海战@AZhong Tu Dao Hai Zhan@f(日本)渊田美津雄,奥宫正武著@F(Ri Ben)Yuan Tian Mei Jin Xiong,Ao Gong Zheng Wu Zhu@g许秋明译@g王绍坊校 |
| 210 | @a北京@c商务印书馆@d1979.05 | |
| 215 | @a282页@d19cm | |
| 606 | 0 | @a东亚@x历史 |
| 606 | 0 | @a政治事件@x世界 |
| 606 | 0 | @a政治事件 |
| 690 | @aK313.46@v3 | |
| 701 | 0 | @a渊田美津雄@4著 |
| 701 | 0 | @a奥宫正武@4著 |
| 702 | 0 | @a许秋明@AXu Qiu Ming@4译 |
| 702 | 0 | @a王绍坊@AWang Shao Fang@4校 |
| 801 | @aCN@bTSTC@c20060815 | |
| 905 | @dK313.46@e3@f1@b35526 | |
| 中途岛海战/(日本)渊田美津雄,奥宫正武著/许秋明译/王绍坊校.-北京:商务印书馆,1979.05 |
| 282页;19cm |
| ISBN :CNY0.70 |
| ● |
| 相关链接 |
|
|
|
|
正题名:中途岛海战
索取号:K313.46/3
 
预约/预借
| 序号 | 登录号 | 条形码 | 馆藏地/架位号 | 状态 | 备注 |
| 1 | 0035523 | 001761212 | 密集书库/ [索取号:K313.46/3] | 在馆 | |
| 2 | 0035524 | 001923262 | 密集书库/ [索取号:K313.46/3] | 在馆 | |
| 3 | 0035525 | 001761016 | 密集书库/ [索取号:K313.46/3] | 在馆 | |
| 4 | 0035526 | 000482267 | 密集书库/ [索取号:K313.46/3] | 在馆 | |
| 5 | 0035527 | 001718902 | 密集书库/ [索取号:K313.46/3] | 在馆 | |
| 6 | 0436415 | 204364151 | 密集书库/ [索取号:K313.46/3] | 在馆 | |
| 7 | 0462795 | 204627957 | 密集书库/ [索取号:K313.46/3] | 在馆 | |
| 8 | 0462796 | 204627966 | 密集书库/ [索取号:K313.46/3] | 在馆 | |
| 9 | 0462797 | 204627975 | 密集书库/ [索取号:K313.46/3] | 在馆 |